| 000 | 01709nam a2200397 a 4500 | ||
|---|---|---|---|
| 001 | ebr10328872 | ||
| 003 | CaPaEBR | ||
| 006 | m u | ||
| 007 | cr cn||||||||| | ||
| 008 | 031230s2004 mau sb 001 0 eng | ||
| 010 | _z 2003067657 | ||
| 020 | _z0674013387 (alk. paper) | ||
| 040 |
_aCaPaEBR _cCaPaEBR |
||
| 035 | _a(OCoLC)456270334 | ||
| 043 | _an-us--- | ||
| 050 | 1 | 4 |
_aE209 _b.F46 2004eb |
| 082 | 0 | 4 |
_a973.3/072 _222 |
| 100 | 1 |
_aFerguson, Robert A., _d1942- |
|
| 245 | 1 | 0 |
_aReading the early republic _h[electronic resource] / _cRobert A. Ferguson. |
| 260 |
_aCambridge, Mass. : _bHarvard University Press, _c2004. |
||
| 300 | _a358 p. | ||
| 504 | _aIncludes bibliographical references (p.[292]-351) and index. | ||
| 533 |
_aElectronic reproduction. _bPalo Alto, Calif. : _cebrary, _d2013. _nAvailable via World Wide Web. _nAccess may be limited to ebrary affiliated libraries. |
||
| 650 | 0 |
_aPolitical culture _zUnited States _xHistory _y18th century _xHistoriography. |
|
| 650 | 0 |
_aPolitical culture _zUnited States _xHistory _y18th century _vSources. |
|
| 650 | 0 |
_aEnglish language _zUnited States _xRhetoric. |
|
| 650 | 0 |
_aEnglish language _zUnited States _xStyle. |
|
| 650 | 0 | _aCriticism, Textual. | |
| 651 | 0 |
_aUnited States _xHistory _yRevolution, 1775-1783 _xHistoriography. |
|
| 651 | 0 |
_aUnited States _xHistory _y1783-1815 _xHistoriography. |
|
| 651 | 0 |
_aUnited States _xHistory _yRevolution, 1775-1783 _vSources. |
|
| 651 | 0 |
_aUnited States _xHistory _y1783-1815 _vSources. |
|
| 655 | 7 |
_aElectronic books. _2local |
|
| 710 | 2 | _aebrary, Inc. | |
| 856 | 4 | 0 |
_uhttp://site.ebrary.com/lib/rucke/Doc?id=10328872 _zAn electronic book accessible through the World Wide Web; click to view |
| 999 |
_c157520 _d157520 |
||